| 000 | 00489nam a2200157 a 4500 | ||
|---|---|---|---|
| 001 | 313 | ||
| 003 | CDMR | ||
| 005 | 20130222125759.0 | ||
| 008 | 130130s1975||||||||||||||||||||||||||||d | ||
| 040 |
_aCDMR _bcat _cCPC LLEIDA |
||
| 100 | 1 |
_aRivers, William _9209 |
|
| 245 | 1 | 0 |
_aAspen handbook on the media _cedited by William L. Rivers and William T. Slater. |
| 250 | _a1975-76 ed. | ||
| 260 |
_aPalo Alto, California _c1975 _bAspen Institute Program on Communications and Society |
||
| 942 |
_cMON _2ddc |
||
| 999 |
_c313 _d313 |
||